نقو ش کف پا ۓ مصطفہ(صلیاللہ علیہ و صلعم) (Record no. 163606)

MARC details
000 -LEADER
fixed length control field 00819nam a22002057a 4500
005 - DATE AND TIME OF LATEST TRANSACTION
control field 20190424163045.0
010 ## - LCCN (DPL NO)
LC control number UR-10034
020 ## - INTERNATIONAL STANDARD BOOK NUMBER
Terms of availability 300.00
International Standard Book Number 9789383239757
035 ## - SYSTEM CONTROL NUMBER
System control number U-8589
037 ## - SOURCE OF ACQUISITION
Source of stock number/acquisition DBAD/PUB
082 ## - DEWEY DECIMAL CLASSIFICATION NUMBER
Classification number 270
100 ## - MAIN ENTRY--PERSONAL NAME
Personal name ا بر ا ر ا حمد
245 ## - TITLE STATEMENT
Title نقو ش کف پا ۓ مصطفہ(صلیاللہ علیہ و صلعم)
Statement of responsibility, etc ا بر ا ر ا حمد
246 ## - VARYING FORM OF TITLE
Remainder of title Naqoosh-e-Kaf Paye Mustufa(Sallalaho Aleh Wasalum)(Urdu)
Title proper/short title by Abrar Ahmed
260 ## - PUBLICATION, DISTRIBUTION, ETC. (IMPRINT)
Place of publication, distribution, etc New Delhi
Name of publisher, distributor, etc Applied Books
Date of publication, distribution, etc 2017
270 ## - ADDRESS
Address 1739/3,Ground Floor,New kohinoor hotel,Patodi House,Dariya Ganj ,
City New Delhi
Postal code 110002
Telephone number 011-23266347
Fax number -
300 ## - PHYSICAL DESCRIPTION
Extent 424 ص
Dimensions 22 Cm.(bk)
500 ## - GENERAL NOTE
General note دو حصہ
942 ## - ADDED ENTRY ELEMENTS (KOHA)
Source of classification or shelving scheme Dewey Decimal Classification
Item type Urdu Bks
Classification part 842.425
Call number suffix خ ر ش

No items available.


© Delhi Public Library
Hit Counter
free hit counter